[Event "Bremen-ch op"]
[Site "Bremen"]
[Date "2016.03.24"]
[Round "7"]
[White "Zhong, Xianghui"]
[Black "Laubrock, Sophia"]
[Result "1/2-1/2"]
[WhiteElo "1765"]
[BlackElo "1550"]
[PlyCount "115"]
[EventDate "2016.03.19"]
[EventType "swiss"]
[EventRounds "9"]
[EventCountry "GER"]
[SourceTitle "EXT 2018"]
[Source "ChessBase"]
[SourceDate "2017.10.13"]
[SourceVersion "1"]
[SourceVersionDate "2017.10.13"]
[SourceQuality "1"]

1. d4 Nf6 2. c4 e6 3. Nf3 Bb4+ 4. Nbd2 0-0 5. a3 Bxd2+ 6. Qxd2 d6 7. e3 Nbd7 8. Be2 b6 9. 0-0 Bb7 10. b4 c5 11. Bb2 Rc8 12. Rac1 d5 13. Rfd1 Ne4 14. Qe1 Qe7 15. Ba1 Rc7 16. dxc5 dxc4 17. Rxc4 bxc5 18. Nd2 Ndf6 19. Nxe4 Nxe4 20. f3 Nf6 21. Qc3 Ba6 22. Rg4 Bxe2 23. Qxf6 Qxf6 24. Bxf6 g6 25. Re1 Bb5 26. bxc5 Rfc8 27. Bd4 Rb7 28. Rc1 Bc6 29. Rc3 Rcb8 30. Be5 Rb1+ 31. Kf2 R8b2+ 32. Kg3 Rb3 33. Rd4 f5 34. Rd8+ Kf7 35. Rc8 Rxc3 36. Bxc3 Rb3 37. Rxc6 Rxc3 38. a4 Rxe3 39. Rc7+ Kf6 40. Rxa7 Rc3 41. Ra5 Ke5 42. c6+ Kd6 43. Ra6 e5 44. c7+ Kxc7 45. Ra7+ Kb6 46. Rxh7 e4 47. Kf2 Rc2+ 48. Ke3 Rxg2 49. fxe4 fxe4 50. h3 Ka5 51. Rh4 Kxa4 52. Rg4 Rb2 53. Rxe4+ Kb5 54. Kf4 Rg2 55. Kf3 Rg5 56. Rg4 Rh5 57. h4 Kc5 58. Rxg6 1/2-1/2

[Event "Bremen-ch op"]
[Site "Bremen"]
[Date "2015.03.29"]
[Round "2"]
[White "Bensmann, Jannis"]
[Black "Laubrock, Sophia"]
[Result "1-0"]
[WhiteElo "841"]
[BlackElo "1492"]
[PlyCount "51"]
[EventDate "2015.03.28"]
[EventType "swiss"]
[EventRounds "9"]
[EventCountry "GER"]
[SourceTitle "EXT 2018"]
[Source "ChessBase"]
[SourceDate "2017.10.13"]
[SourceVersion "1"]
[SourceVersionDate "2017.10.13"]
[SourceQuality "1"]

1. d4 Nf6 2. Bf4 e6 3. Nf3 d5 4. e3 c5 5. c3 Nc6 6. Bd3 c4 7. Bc2 b5 8. 0-0 Bd7 9. Nbd2 a5 10. e4 dxe4 11. Nxe4 b4 12. Nxf6+ gxf6 13. Re1 Be7 14. Qe2 f5 15. Qxc4 Rc8 16. Qe2 Rg8 17. c4 Bf6 18. Rad1 Qb6 19. d5 Nd4 20. Nxd4 Bxd4 21. dxe6 fxe6 22. Bxf5 Rf8 23. Bxe6 Rxf4 24. Bxd7+ Kxd7 25. Qe7+ Kc6 26. Re6# 1-0

[Event "Bremen-ch op"]
[Site "Bremen"]
[Date "2015.03.29"]
[Round "3"]
[White "Laubrock, Sophia"]
[Black "Brueggemann, Werner"]
[Result "0-1"]
[WhiteElo "1492"]
[BlackElo "1219"]
[PlyCount "86"]
[EventDate "2015.03.28"]
[EventType "swiss"]
[EventRounds "9"]
[EventCountry "GER"]
[SourceTitle "EXT 2018"]
[Source "ChessBase"]
[SourceDate "2017.10.13"]
[SourceVersion "1"]
[SourceVersionDate "2017.10.13"]
[SourceQuality "1"]

1. d4 c5 2. d5 d6 3. c4 g6 4. Nc3 Bd7 5. Nf3 Bg7 6. e4 f6 7. Bd3 Nh6 8. 0-0 0-0 9. Qc2 Ng4 10. Nh4 Ne5 11. Be2 Na6 12. a3 Nc7 13. f4 Ng4 14. Bd2 a6 15. h3 Nh6 16. a4 Qc8 17. f5 gxf5 18. exf5 Qe8 19. Qd3 Qc8 20. Qg3 Kh8 21. Bd3 Rg8 22. Rae1 Bf8 23. Qe3 Nf7 24. b3 Ne5 25. Be2 Be8 26. Qf2 Bf7 27. Bf4 b6 28. Qe3 Bg7 29. Nd1 Qe8 30. Bh6 Bf8 31. Nf2 Bh5 32. g4 Bf7 33. Nd3 Bxh6 34. Qxh6 Nxd3 35. Bxd3 Rg7 36. Ng6+ Bxg6 37. fxg6 Qf8 38. gxh7 Rxg4+ 39. hxg4 Qxh6 40. Rxe7 Ne8 41. Rfe1 Ng7 42. Kf2 Qd2+ 43. Be2 Kxh7 0-1

[Event "Niedersachsen-ch U16/18 Girls"]
[Site "Norderney"]
[Date "2014.04.12"]
[Round "1"]
[White "Laubrock, Sophia"]
[Black "Rudolph, Elisa"]
[Result "0-1"]
[WhiteElo "1500"]
[BlackElo "1139"]
[PlyCount "84"]
[EventDate "2014.04.??"]
[EventType "tourn"]
[EventRounds "9"]
[EventCountry "GER"]
[SourceTitle "EXT 2017"]
[Source "ChessBase"]
[SourceDate "2016.10.25"]
[SourceVersion "1"]
[SourceVersionDate "2016.10.25"]
[SourceQuality "1"]

1. d4 d5 2. c4 dxc4 3. e4 Nc6 4. Be3 e6 5. Bxc4 Bb4+ 6. Nc3 Nf6 7. Qd3 Na5 8. Bb5+ c6 9. Ba4 0-0 10. Nf3 b5 11. Bc2 Ng4 12. e5 g6 13. Bg5 f6 14. exf6 Nxf6 15. Ne5 Qe8 16. Bh6 Nc4 17. Bxf8 Nxb2 18. Qf3 Qxf8 19. Nxc6 Bb7 20. 0-0 Bxc3 21. Qxc3 Nc4 22. Nb4 a5 23. Nd3 Ne4 24. Qb3 Ba6 25. Rfd1 Ned2 26. Rxd2 Nxd2 27. Qxe6+ Kh8 28. Nc5 Bc8 29. Qd5 Ra7 30. Bd3 Rf7 31. f3 Bf5 32. Bxb5 Re7 33. Rd1 Qb8 34. a4 Qf4 35. Qd8+ Kg7 36. Qxe7+ Kh6 37. Qe5 Qg5 38. Bd7 Nxf3+ 39. Kf2 Nxe5 40. Bxf5 Qxf5+ 41. Kg1 Qc2 42. Rf1 Ng4 0-1

[Event "Niedersachsen-ch op-B"]
[Site "Verden"]
[Date "2014.01.04"]
[Round "5"]
[White "Laubrock, Sophia"]
[Black "Santos, Leonardo"]
[Result "1-0"]
[WhiteElo "1506"]
[BlackElo "1361"]
[PlyCount "107"]
[EventDate "2014.01.02"]
[EventType "swiss"]
[EventRounds "7"]
[EventCountry "GER"]
[SourceTitle "EXT 2016"]
[Source "ChessBase"]
[SourceDate "2015.10.08"]
[SourceVersion "1"]
[SourceVersionDate "2015.10.08"]
[SourceQuality "1"]

1. d4 Nf6 2. c4 g6 3. Nf3 Bg7 4. Nc3 d5 5. cxd5 Nxd5 6. e4 Nxc3 7. bxc3 c5 8. Be3 Nc6 9. Rb1 Qa5 10. Qd2 a6 11. Be2 0-0 12. 0-0 Rd8 13. Rfd1 b5 14. Rb2 Ra7 15. c4 cxd4 16. Nxd4 Rad7 17. Nxc6 Qc7 18. Nxe7+ Kh8 19. Nd5 Qd6 20. Bd4 Bb7 21. Bxg7+ Kxg7 22. Qc3+ f6 23. cxb5 axb5 24. Bxb5 Rc7 25. Qd3 Qe5 26. Rc2 Rf7 27. Bc6 Bxc6 28. Rxc6 Re7 29. Qc2 Qxe4 30. Qxe4 Rxe4 31. Rcc1 Re2 32. Ra1 Kf7 33. Kf1 Re5 34. Ne3 Rxd1+ 35. Rxd1 Ra5 36. Ra1 Ra3 37. Ke2 Ke6 38. Kd2 Kd7 39. Nc4 Ra6 40. a4 Kc6 41. Kc3 Kc5 42. a5 Kb5 43. Rb1+ Kc5 44. Ra1 Kb5 45. Kd4 Kc6 46. Rb1 Ra8 47. Rb6+ Kc7 48. Rxf6 Rd8+ 49. Kc5 Rd7 50. Rc6+ Kb7 51. Nd6+ Kb8 52. a6 Ka7 53. Nb5+ Kb8 54. a7+ 1-0

[Event "Niedersachsen-ch U18 Girls"]
[Site "Rotenburg"]
[Date "2013.03.29"]
[Round "9"]
[White "Laubrock, Sophia"]
[Black "Hinzke, Anna Lena"]
[Result "0-1"]
[WhiteElo "1453"]
[BlackElo "1550"]
[PlyCount "42"]
[EventDate "2013.03.23"]
[EventType "swiss"]
[EventRounds "9"]
[EventCountry "GER"]
[SourceTitle "EXT 2015"]
[Source "ChessBase"]
[SourceDate "2014.11.20"]
[SourceVersion "1"]
[SourceVersionDate "2014.11.20"]
[SourceQuality "1"]

1. d4 Nf6 2. c4 c5 3. Nf3 g6 4. Bg5 Bg7 5. e3 0-0 6. Nc3 d6 7. Be2 Bf5 8. 0-0 Qb6 9. Qd2 Nc6 10. dxc5 dxc5 11. Rad1 Rad8 12. Qc1 h6 13. Bf4 g5 14. Bg3 Ne4 15. Nxe4 Bxe4 16. b3 Qa5 17. a4 Qb4 18. Nd2 Bg6 19. e4 Nd4 20. Bg4 h5 21. Bf5 Ne2+ 0-1

[Event "Niedersachsen-ch U18 Girls"]
[Site "Rotenburg"]
[Date "2013.03.28"]
[Round "8"]
[White "Laubrock, Sophia"]
[Black "Edel, Fenja"]
[Result "1-0"]
[WhiteElo "1453"]
[BlackElo "1635"]
[PlyCount "47"]
[EventDate "2013.03.23"]
[EventType "swiss"]
[EventRounds "9"]
[EventCountry "GER"]
[SourceTitle "EXT 2015"]
[Source "ChessBase"]
[SourceDate "2014.11.20"]
[SourceVersion "1"]
[SourceVersionDate "2014.11.20"]
[SourceQuality "1"]

1. d4 d5 2. c4 e6 3. Nc3 c6 4. Nf3 dxc4 5. a4 Bb4 6. e4 b5 7. Be2 Ne7 8. 0-0 Bxc3 9. bxc3 Bb7 10. Bg5 h6 11. Bh4 Nd7 12. Rb1 Ba6 13. Qc2 Qa5 14. Bxe7 Kxe7 15. Ra1 Qb6 16. Rfb1 Qc7 17. axb5 Bxb5 18. Nd2 Nb6 19. Qa2 Na4 20. Nxc4 Ke8 21. Qb3 Rb8 22. Rxa4 Kd7 23. Ne5+ Ke8 24. c4 1-0

[Event "Niedersachsen-ch U18 Girls"]
[Site "Rotenburg"]
[Date "2013.03.26"]
[Round "5"]
[White "Reuker, Ronja"]
[Black "Laubrock, Sophia"]
[Result "0-1"]
[WhiteElo "858"]
[BlackElo "1453"]
[PlyCount "98"]
[EventDate "2013.03.23"]
[EventType "swiss"]
[EventRounds "9"]
[EventCountry "GER"]
[SourceTitle "EXT 2015"]
[Source "ChessBase"]
[SourceDate "2014.11.20"]
[SourceVersion "1"]
[SourceVersionDate "2014.11.20"]
[SourceQuality "1"]

1. e4 d5 2. exd5 Qxd5 3. Nc3 Qa5 4. d4 Nf6 5. Nf3 Bg4 6. h3 Bh5 7. g4 Bg6 8. Ne5 Be4 9. Nc4 Qa6 10. Nxe4 Nxe4 11. Qf3 Nf6 12. Bf4 Qe6+ 13. Ne3 c6 14. Bc4 Qd7 15. 0-0-0 e6 16. Rhe1 b5 17. g5 bxc4 18. gxf6 c3 19. Nc4 cxb2+ 20. Nxb2 g6 21. d5 cxd5 22. Qxd5 Qxd5 23. Rxd5 Nd7 24. Rb5 Nxf6 25. Re3 Bg7 26. Reb3 0-0 27. c4 Rfc8 28. c5 Ne4 29. Nd3 Rc6 30. R3b4 Nc3 31. Ra5 Nd5 32. Rb8+ Rxb8 33. Bxb8 a6 34. Ne5 Bxe5 35. Bxe5 f6 36. Bd6 Kf7 37. Kd2 e5 38. Ra3 Ke6 39. Kd3 g5 40. Ke4 f5+ 41. Kd3 h5 42. Kc4 g4 43. hxg4 hxg4 44. Rg3 Nf6 45. Re3 Ne4 46. f3 gxf3 47. Bxe5 Kxe5 48. Rxf3 Nd2+ 49. Kb4 Nxf3 0-1

[Event "Niedersachsen-ch U18 Girls"]
[Site "Rotenburg"]
[Date "2012.04.04"]
[Round "8"]
[White "Diederichs, Hannah"]
[Black "Laubrock, Sophia"]
[Result "0-1"]
[WhiteElo "1013"]
[BlackElo "1137"]
[PlyCount "50"]
[EventDate "2012.03.31"]
[EventType "swiss"]
[EventRounds "9"]
[EventCountry "GER"]
[SourceTitle "EXT 2015"]
[Source "ChessBase"]
[SourceDate "2014.11.20"]
[SourceVersion "1"]
[SourceVersionDate "2014.11.20"]
[SourceQuality "1"]

1. c4 c5 2. Nc3 Nc6 3. e4 d6 4. h3 Nf6 5. d3 g6 6. g3 Bg7 7. Bg2 a6 8. a4 0-0 9. Nge2 Rb8 10. 0-0 Ne8 11. b3 Nc7 12. f4 Bd7 13. Nd5 Bxa1 14. Nxc7 Qxc7 15. f5 Bg7 16. fxg6 fxg6 17. Bg5 Rxf1+ 18. Qxf1 Qa5 19. Qd1 b5 20. Nf4 bxa4 21. bxa4 Rb2 22. Nd5 Qd8 23. Qf1 Qf8 24. Bc1 Qxf1+ 25. Kxf1 Rb1 0-1

[Event "Niedersachsen-ch U18 Girls"]
[Site "Rotenburg"]
[Date "2012.04.01"]
[Round "3"]
[White "Laubrock, Sophia"]
[Black "Schulte, Franziska"]
[Result "1-0"]
[WhiteElo "1137"]
[BlackElo "719"]
[PlyCount "49"]
[EventDate "2012.03.31"]
[EventType "swiss"]
[EventRounds "9"]
[EventCountry "GER"]
[SourceTitle "EXT 2015"]
[Source "ChessBase"]
[SourceDate "2014.11.20"]
[SourceVersion "1"]
[SourceVersionDate "2014.11.20"]
[SourceQuality "1"]

1. d4 d5 2. Bf4 Bf5 3. Nc3 Nf6 4. f3 Nc6 5. Qd2 e6 6. e3 Bb4 7. Nge2 0-0 8. 0-0-0 Qe7 9. g4 Ba5 10. gxf5 exf5 11. h4 Nb4 12. Kb1 Rfe8 13. Ng3 Rad8 14. Nxf5 Qd7 15. Bh3 Qc6 16. Qg2 g6 17. Qg5 Nh5 18. Bg4 f6 19. Qh6 gxf5 20. Bxh5 Re7 21. Rhg1+ Kh8 22. Rg2 Qe6 23. Rdg1 Rc8 24. Rg7 Nc6 25. Qxh7# 1-0

[Event "Niedersachsen-ch op-B"]
[Site "Verden"]
[Date "2012.01.05"]
[Round "7"]
[White "Laubrock, Sophia"]
[Black "Bick, Lennard"]
[Result "1-0"]
[WhiteElo "1051"]
[BlackElo "1253"]
[PlyCount "41"]
[EventDate "2012.01.02"]
[EventType "swiss"]
[EventRounds "7"]
[EventCountry "GER"]
[SourceTitle "EXT 2021"]
[Source "ChessBase"]
[SourceDate "2020.10.23"]
[SourceVersion "1"]
[SourceVersionDate "2020.10.23"]
[SourceQuality "1"]

1. e4 e5 2. Nf3 Nc6 3. Nc3 Bc5 4. Nxe5 Nxe5 5. d4 Bd6 6. dxe5 Bxe5 7. Be2 Bxc3+ 8. bxc3 Qe7 9. Qd4 Qf6 10. 0-0 d6 11. Be3 Qg6 12. Kh1 Bd7 13. Bd3 Bc6 14. f3 b6 15. e5 Qe6 16. exd6 Qxd6 17. Qxg7 Qf6 18. Bd4 Qxg7 19. Bxg7 Nf6 20. Bxh8 Nd5 21. Be4 1-0

[Event "Niedersachsen-ch op-B"]
[Site "Verden"]
[Date "2012.01.03"]
[Round "3"]
[White "Gerken, Frieso"]
[Black "Laubrock, Sophia"]
[Result "0-1"]
[WhiteElo "1259"]
[BlackElo "1051"]
[PlyCount "66"]
[EventDate "2012.01.02"]
[EventType "swiss"]
[EventRounds "7"]
[EventCountry "GER"]
[SourceTitle "EXT 2021"]
[Source "ChessBase"]
[SourceDate "2020.10.23"]
[SourceVersion "1"]
[SourceVersionDate "2020.10.23"]
[SourceQuality "1"]

1. e4 d5 2. exd5 Qxd5 3. Nc3 Qa5 4. d4 Nf6 5. Nf3 Bg4 6. Be2 e6 7. Bd2 c6 8. 0-0 Bd6 9. Ne4 Qd8 10. Bg5 Be7 11. Nxf6+ Bxf6 12. Bxf6 Qxf6 13. Ne5 Bxe2 14. Qxe2 0-0 15. Rad1 Rd8 16. Rd3 Nd7 17. Re1 c5 18. Rf3 Qe7 19. Rxf7 Qd6 20. Rxd7 Rxd7 21. Nxd7 Qxd7 22. Qxe6+ Qxe6 23. Rxe6 cxd4 24. Rd6 Rc8 25. Kf1 Rxc2 26. Rd8+ Kf7 27. Rd7+ Kf6 28. Rxb7 d3 29. Ke1 Ke5 30. Rxa7 Rxb2 31. Ra4 Re2+ 32. Kf1 Rb2 33. h4 Rb1# 0-1

[Event "Niedersachsen-ch op-B"]
[Site "Verden"]
[Date "2012.01.02"]
[Round "1"]
[White "Franke, Klaus"]
[Black "Laubrock, Sophia"]
[Result "1-0"]
[WhiteElo "1895"]
[BlackElo "1051"]
[PlyCount "77"]
[EventDate "2012.01.02"]
[EventType "swiss"]
[EventRounds "7"]
[EventCountry "GER"]
[SourceTitle "EXT 2021"]
[Source "ChessBase"]
[SourceDate "2020.10.23"]
[SourceVersion "1"]
[SourceVersionDate "2020.10.23"]
[SourceQuality "1"]

1. d4 d5 2. Nf3 Nf6 3. e3 Bf5 4. c4 c6 5. Qb3 Qc7 6. Nc3 e6 7. Bd2 Bd6 8. Rc1 Qb6 9. c5 Qxb3 10. axb3 Be7 11. b4 b6 12. Be2 Nbd7 13. 0-0 0-0 14. Nh4 Bg4 15. Nf3 a5 16. bxa5 Rxa5 17. cxb6 Nxb6 18. Nd1 Ra2 19. Rxc6 Na4 20. Ra6 Bf5 21. b3 Bc2 22. Rxa4 Rxa4 23. bxa4 Bxa4 24. Nc3 Ne4 25. Nxa4 Nxd2 26. Nxd2 Ra8 27. Bb5 Bb4 28. Nf3 Ra5 29. Bc6 Ra6 30. Rc1 Ba3 31. Rc2 Kf8 32. Ne5 f6 33. Nd3 Ke7 34. Rc3 Kd6 35. Rxa3 Rxc6 36. Nac5 Rb6 37. g3 e5 38. Ra7 g5 39. Rd7+ 1-0